[Event "Cracovia 2008 op A"]
[Site "Krakow"]
[Date "2009.01.04"]
[Round "9.59"]
[White "Ogonowska, Katarzyna"]
[Black "Sroka, Janusz"]
[Result "1-0"]
[WhiteElo "1880"]
[BlackElo "2129"]
[PlyCount "77"]
[EventDate "2008.??.??"]

1. e4 d6 2. d3 e5 3. Nc3 Nf6 4. Bg5 c6 5. Qd2 Be7 6. O-O-O O-O 7. Kb1 b5 8. f4
Nbd7 9. h3 b4 10. Nce2 Rb8 11. Nf3 Qa5 12. g4 exf4 13. Bxf4 Rb6 14. Nfd4 c5 15.
Nf5 Re8 16. Nc1 Ne5 17. Bxe5 dxe5 18. Nb3 Qa4 19. Nxe7+ Rxe7 20. Nxc5 Qc6 21.
Nb3 Be6 22. Be2 Rc7 23. g5 Nd7 24. Bg4 Bxb3 25. axb3 Qc5 26. Rdf1 Qa5 27. Bxd7
Rxd7 28. Qf2 Ra6 29. Kc1 Qa1+ 30. Kd2 Qxb2 31. Qc5 Rad6 32. Rf3 a5 33. Qc8+ Rd8
34. Qc4 R6d7 35. Rhf1 g6 36. Ke2 Rf8 37. h4 Qd4 38. Qc6 Rd6 39. Rxf7 1-0

[Event "Cracovia 2008 op B"]
[Site "Krakow"]
[Date "2008.12.27"]
[Round "1.1"]
[White "Baturo, Tomasz"]
[Black "Bednarski, Waclaw"]
[Result "1-0"]
[WhiteElo "2099"]
[BlackElo "1829"]
[PlyCount "68"]
[EventDate "2008.??.??"]

1. e4 e5 2. Nf3 Nf6 3. Nc3 d6 4. d4 exd4 5. Nxd4 Be7 6. Be2 h6 7. O-O c6 8. Be3
b5 9. a3 O-O 10. f4 Re8 11. Bf3 Be6 12. e5 Nd5 13. Nxd5 cxd5 14. Nxe6 fxe6 15.
Bxd5 exd5 16. Qxd5+ Kh8 17. Qxa8 dxe5 18. fxe5 Qc7 19. Qxa7 Qxe5 20. Qd4 Qh5
21. a4 Nc6 22. Qc3 Bd6 23. Bf4 Bc5+ 24. Kh1 b4 25. Qc4 Nd4 26. a5 Ne2 27. a6
Nxf4 28. Qxf4 Ba7 29. Qf7 Qxf7 30. Rxf7 Ra8 31. Rb7 Bc5 32. a7 Kh7 33. Rb8 Rxa7
34. Rxa7 Bxa7 1-0

[Event "Cracovia 2008 op B"]
[Site "Krakow"]
[Date "2008.12.27"]
[Round "1.2"]
[White "Kasprzyk, Zbigniew"]
[Black "Janiszewski, Maciej"]
[Result "0-1"]
[WhiteElo "1829"]
[BlackElo "2099"]
[PlyCount "50"]
[EventDate "2008.??.??"]

1. d4 d5 2. c4 e5 3. dxe5 d4 4. g3 Nc6 5. Nf3 Bg4 6. Bg2 Qd7 7. O-O O-O-O 8.
Nbd2 Nge7 9. b4 Ng6 10. b5 Ncxe5 11. Qa4 Kb8 12. Nxe5 Nxe5 13. Re1 Bh3 14. Nf3
Nxf3+ 15. Bxf3 h5 16. Qc2 h4 17. Qe4 Qc8 18. Bf4 Bf5 19. Bxc7+ Kxc7 20. Qe5+
Bd6 21. Qxd4 Kb8 22. b6 a6 23. Qc3 hxg3 24. hxg3 Qc5 25. e3 Be5 0-1

[Event "Cracovia 2008 op B"]
[Site "Krakow"]
[Date "2008.12.27"]
[Round "1.3"]
[White "Gromczak, Dariusz"]
[Black "Krzyzanowski, Kamil"]
[Result "1-0"]
[WhiteElo "2096"]
[BlackElo "1828"]
[PlyCount "67"]
[EventDate "2008.??.??"]

1. e4 e5 2. Nf3 Nc6 3. d4 exd4 4. Nxd4 Bc5 5. Nxc6 Qf6 6. Qd2 Qxc6 7. Nc3 Nf6
8. Bd3 O-O 9. O-O Re8 10. Qf4 Bd4 11. Bd2 b6 12. Rae1 Bb7 13. Qh4 Re5 14. Nd5
Kf8 15. Nxf6 Qxf6 16. Qxf6 gxf6 17. Bf4 Re6 18. c3 Be5 19. Bh6+ Kg8 20. f4 Bd6
21. Rf3 Kh8 22. Rg3 Rg8 23. Rxg8+ Kxg8 24. f5 Bc5+ 25. Kf1 Rd6 26. Ke2 Bf2 27.
Rd1 Bh4 28. Bf4 Rc6 29. Bb5 Rc5 30. Rxd7 Bg5 31. Bxg5 fxg5 32. f6 h5 33. Bd3
Re5 34. Ke3 1-0

[Event "Cracovia 2008 op B"]
[Site "Krakow"]
[Date "2008.12.27"]
[Round "1.4"]
[White "Kuta, Krzysztof"]
[Black "Krasiewicz, Robert"]
[Result "0-1"]
[WhiteElo "1825"]
[BlackElo "2090"]
[PlyCount "82"]
[EventDate "2008.??.??"]

1. e4 e6 2. d4 d5 3. Nd2 Nf6 4. e5 Nfd7 5. Ngf3 c5 6. Nb3 Nc6 7. Bb5 c4 8. Bxc6
bxc6 9. Nbd2 c5 10. c3 Qa5 11. O-O Ba6 12. Re1 Be7 13. Nf1 Rb8 14. Ng3 O-O 15.
Nh5 Rfc8 16. Qc2 cxd4 17. cxd4 Bb5 18. Bd2 Qa4 19. Qxa4 Bxa4 20. Bc3 Rb7 21. a3
Rcb8 22. h3 Nb6 23. Re2 Be8 24. Ra2 Na4 25. Rc2 Nxc3 26. bxc3 Rb1+ 27. Kh2 Ba4
28. Re2 Bb3 29. Rab2 Rc1 30. Re3 Bxa3 31. Rd2 a5 32. Ng1 a4 33. Rg3 Bf8 34. Ne2
Rc2 35. Rxc2 Bxc2 36. Nc1 Bg6 37. Nf4 Rb2 38. Re3 Rc2 39. Nxg6 hxg6 40. Re1 Ba3
41. Ne2 Bb2 0-1

[Event "Cracovia 2008 op B"]
[Site "Krakow"]
[Date "2008.12.27"]
[Round "1.5"]
[White "Pietocha, Pawel"]
[Black "Wyczawska, Agata"]
[Result "1-0"]
[WhiteElo "2090"]
[BlackElo "1819"]
[PlyCount "35"]
[EventDate "2008.??.??"]

1. b3 d5 2. e3 c5 3. Bb2 e6 4. Nf3 a6 5. d4 Nf6 6. Bd3 Nc6 7. O-O Bd6 8. Nbd2
Bd7 9. Ne5 O-O 10. Nxd7 Nxd7 11. c4 Nb4 12. Bb1 cxd4 13. exd4 dxc4 14. bxc4 Nf6
15. Qf3 b5 16. a3 Qc7 17. axb4 Bxb4 18. Ne4 1-0

[Event "Cracovia 2008 op B"]
[Site "Krakow"]
[Date "2008.12.27"]
[Round "1.6"]
[White "Misztal, Piotr"]
[Black "Helaszek, Edward"]
[Result "0-1"]
[WhiteElo "1818"]
[BlackElo "2089"]
[PlyCount "88"]
[EventDate "2008.??.??"]

1. e4 e5 2. Nf3 Nc6 3. Bb5 a6 4. Ba4 d6 5. c3 Bd7 6. O-O g6 7. d4 Bg7 8. h3 Nf6
9. Re1 O-O 10. Bg5 Qe8 11. Bc2 Kh8 12. Nbd2 Ng8 13. Nf1 f6 14. Bd2 Nh6 15. Ne3
Nd8 16. Nd5 Ne6 17. dxe5 dxe5 18. Qe2 Nf7 19. Rad1 b6 20. Be3 Bc6 21. Rd2 Bxd5
22. Rxd5 Bh6 23. Bxh6 Nxh6 24. g3 Nf7 25. Red1 Nd6 26. Nh2 Qe7 27. Nf1 a5 28.
Ne3 Ng5 29. h4 Ngf7 30. R5d2 c6 31. Nc4 Nc8 32. Rd7 Qe6 33. Bb3 a4 34. Nxb6
axb3 35. Nxa8 bxa2 36. R7d2 Ncd6 37. Nb6 Rb8 38. Qa6 Nxe4 39. Re2 Qb3 40. Rf1
Rxb6 41. Qc8+ Kg7 42. Rxe4 Qxb2 43. Ra4 Qe2 44. Rb4 Qxf1+ 0-1

[Event "Cracovia 2008 op B"]
[Site "Krakow"]
[Date "2008.12.28"]
[Round "2.1"]
[White "Kaleta, Blazej"]
[Black "Baturo, Tomasz"]
[Result "1/2-1/2"]
[WhiteElo "1952"]
[BlackElo "2099"]
[PlyCount "57"]
[EventDate "2008.??.??"]

1. d4 Nf6 2. Nf3 e6 3. c4 Bb4+ 4. Bd2 Qe7 5. Nc3 O-O 6. e3 d6 7. a3 Bxc3 8.
Bxc3 Nbd7 9. b4 e5 10. dxe5 Nxe5 11. Be2 Nfd7 12. Qd4 Nxf3+ 13. gxf3 Qe5 14.
Qd2 Qe6 15. Rg1 f6 16. f4 Kh8 17. Bd3 a5 18. Qe2 Qf7 19. Rg3 Nb6 20. Qc2 axb4
21. Bxb4 Qh5 22. Rb1 Na4 23. Be4 Nc5 24. Bxc5 dxc5 25. Bf3 Qf7 26. Be4 Qh5 27.
Bf3 Qf7 28. Be4 Qh5 29. Bf3 1/2-1/2

[Event "Cracovia 2008 op B"]
[Site "Krakow"]
[Date "2008.12.28"]
[Round "2.2"]
[White "Janiszewski, Maciej"]
[Black "Sajtyna, Krzysztof"]
[Result "1/2-1/2"]
[WhiteElo "2099"]
[BlackElo "1948"]
[PlyCount "117"]
[EventDate "2008.??.??"]

1. e4 c5 2. Nc3 Nc6 3. f4 d6 4. Bc4 g6 5. Nf3 Bg7 6. O-O e6 7. d3 Nge7 8. Qe1
Nd4 9. Nxd4 cxd4 10. Ne2 O-O 11. f5 exf5 12. Qh4 d5 13. exd5 Nxd5 14. Bg5 Qd6
15. Nxd4 Nb6 16. c3 Re8 17. Rae1 Be6 18. Nxe6 fxe6 19. Bb3 Kh8 20. Rf3 Nd5 21.
Rh3 h5 22. g4 Nf4 23. Bxf4 Qxf4 24. gxh5 Qxh4 25. Rxh4 g5 26. Rb4 b6 27. Rxe6
f4 28. h4 Rxe6 29. Bxe6 Re8 30. Bg4 Re3 31. Kf2 gxh4 32. Rxf4 Rxd3 33. Ke2 Rd6
34. Rf7 a5 35. Rb7 Kh7 36. Kf3 Kh6 37. Kf4 Rf6+ 38. Ke4 Bf8 39. Ke5 Bg7 40. Kd5
Bf8 41. Ke5 Bg7 42. Kd5 Bf8 43. Be6 Bc5 44. b4 axb4 45. cxb4 Bxb4 46. Rxb6 Be1
47. Rb1 Bf2 48. Bg4 Rf4 49. Be2 h3 50. Rh1 Rh4 51. Bf3 h2 52. Rf1 Bg1 53. Bh1
Ra4 54. Ke5 Kxh5 55. Kf5 Rxa2 56. Ke4 Kh4 57. Rf4+ Kg5 58. Rf5+ Kg6 59. Rf1
1/2-1/2

[Event "Cracovia 2008 op B"]
[Site "Krakow"]
[Date "2008.12.28"]
[Round "2.3"]
[White "Markiewicz, Mateusz"]
[Black "Gromczak, Dariusz"]
[Result "1-0"]
[WhiteElo "1947"]
[BlackElo "2096"]
[PlyCount "95"]
[EventDate "2008.??.??"]

1. e4 g6 2. Nf3 Bg7 3. d4 c5 4. Nc3 cxd4 5. Nxd4 Nc6 6. Be3 Nf6 7. f3 O-O 8.
Qd2 d6 9. g4 Bd7 10. h4 h5 11. gxh5 Nxh5 12. O-O-O Qa5 13. Kb1 Rfc8 14. Rg1
Nxd4 15. Bxd4 Bxd4 16. Qxd4 Qc5 17. e5 Qxd4 18. Rxd4 Bc6 19. exd6 exd6 20. Bc4
Kf8 21. Rxd6 Rd8 22. Ne4 f5 23. Rxd8+ Rxd8 24. Ng5 Nf4 25. a3 b5 26. Ne6+ Nxe6
27. Bxe6 Ke7 28. Rxg6 Be8 29. Bxf5 Bxg6 30. Bxg6 Rd1+ 31. Ka2 Rf1 32. Be4 Kd6
33. h5 Rh1 34. Bg6 Rh4 35. Be8 Kc5 36. b4+ Kb6 37. Bg6 a5 38. f4 Rxf4 39. h6
axb4 40. h7 b3+ 41. Kxb3 Rh4 42. Kc3 Kc5 43. Kd3 b4 44. axb4+ Kxb4 45. Ke3 Kc5
46. Kf3 Kd6 47. Kg3 Rh1 48. Kg4 1-0

[Event "Cracovia 2008 op B"]
[Site "Krakow"]
[Date "2008.12.28"]
[Round "2.4"]
[White "Krasiewicz, Robert"]
[Black "Gorecki, Janusz"]
[Result "1-0"]
[WhiteElo "2090"]
[BlackElo "1940"]
[PlyCount "115"]
[EventDate "2008.??.??"]

1. d4 d5 2. c4 e6 3. Nf3 Nf6 4. g3 dxc4 5. Bg2 Bb4+ 6. Bd2 Be7 7. Qa4+ Nbd7 8.
Qxc4 O-O 9. O-O Ne4 10. Bf4 c6 11. Ne5 Nb6 12. Qd3 Nd6 13. Nc3 Bg5 14. Kh1 Bxf4
15. gxf4 Nd5 16. e3 f5 17. Rg1 Rf6 18. Bf3 Rh6 19. Rg5 Nf7 20. Nxf7 Kxf7 21.
Rag1 g6 22. Nb1 Qb6 23. Qa3 Qb4 24. R5g2 Bd7 25. Rc1 Rc8 26. b3 a5 27. Qb2 Qd6
28. Nd2 b5 29. Be2 Nc7 30. Nf3 Na6 31. Ne5+ Kg8 32. Qd2 Be8 33. Qxa5 Nc7 34.
Qd2 Ra8 35. Bf3 Nd5 36. Nd3 Rh3 37. Be2 Nf6 38. f3 Nd5 39. Rc5 Qd8 40. Nf2 Rh4
41. Bd1 Qa5 42. Qxa5 Rxa5 43. Rxd5 exd5 44. Nd3 Rh6 45. Rc2 g5 46. fxg5 Re6 47.
Ne5 c5 48. Rxc5 Rxa2 49. Bc2 Rea6 50. Kg2 R6a3 51. Kg3 Ra7 52. Bxf5 Re2 53. Kf4
Rxh2 54. Be6+ Kg7 55. Bxd5 Rh4+ 56. Kg3 Rh1 57. Rc8 Bd7 58. Rg8# 1-0

[Event "Cracovia 2008 op B"]
[Site "Krakow"]
[Date "2008.12.28"]
[Round "2.5"]
[White "Wcislo, Adrian"]
[Black "Pietocha, Pawel"]
[Result "0-1"]
[WhiteElo "1919"]
[BlackElo "2090"]
[PlyCount "90"]
[EventDate "2008.??.??"]

1. e4 g6 2. Nf3 Bg7 3. d4 d6 4. c4 Nf6 5. Nc3 O-O 6. Be2 Nbd7 7. O-O e5 8. dxe5
dxe5 9. b3 Qe7 10. Bg5 c6 11. Qd2 Nc5 12. Rfd1 Bg4 13. Bxf6 Qxf6 14. Qd6 Ne6
15. h3 Bxf3 16. Bxf3 Rad8 17. Qa3 Nd4 18. Qxa7 Qg5 19. Rd3 f5 20. Ne2 Nb5 21.
Qe3 Qxe3 22. Rxe3 f4 23. cxb5 fxe3 24. bxc6 exf2+ 25. Kxf2 bxc6 26. Rc1 Rd6 27.
Rc2 Bh6 28. Rc5 Ra8 29. Rxe5 Rxa2 30. Re8+ Kf7 31. Rc8 Bf4 32. Rc7+ Kf6 33. e5+
Kxe5 34. Rxc6 Rxc6 35. Bxc6 Rc2 36. Bb5 Ke4 37. Ba6 Be3+ 38. Kg3 Bb6 39. Kg4
h5+ 40. Kg5 Be3+ 41. Kh4 Bf2+ 42. Kg5 Rc5+ 43. Kh6 Be3+ 44. Kh7 Rc7+ 45. Kg8
Ke5 0-1

[Event "Cracovia 2008 op B"]
[Site "Krakow"]
[Date "2008.12.28"]
[Round "2.6"]
[White "Helaszek, Edward"]
[Black "Lorek, Milosz"]
[Result "0-1"]
[WhiteElo "2089"]
[BlackElo "1928"]
[PlyCount "118"]
[EventDate "2008.??.??"]

1. e4 e5 2. Nf3 Nc6 3. Bb5 a6 4. Ba4 Nf6 5. O-O Be7 6. Re1 b5 7. Bb3 d6 8. c3
O-O 9. h3 Bb7 10. d3 Na5 11. Bc2 c5 12. Nbd2 Re8 13. Nf1 Bf8 14. Ng3 g6 15. Nh2
d5 16. Ng4 Nxg4 17. Qxg4 Bg7 18. Bg5 Qc7 19. Qh4 c4 20. exd5 f5 21. dxc4 Nxc4
22. Bb3 Bxd5 23. Rad1 Qc6 24. f3 Nb6 25. Bxd5+ Nxd5 26. Nf1 Nf6 27. Qf2 e4 28.
f4 Rad8 29. Ne3 Bf8 30. Qh4 Be7 31. Kh1 Qb6 32. Nc2 Rxd1 33. Rxd1 Rd8 34. Qe1
Bc5 35. Bh4 Kg7 36. a3 Rxd1 37. Qxd1 Qd6 38. Qxd6 Bxd6 39. Bxf6+ Kxf6 40. g3
Bc5 41. Kg2 Ke6 42. Kf1 Kd5 43. Ke2 Kc4 44. Kd2 h5 45. Na1 Bf2 46. b3+ Kc5 47.
g4 hxg4 48. hxg4 fxg4 49. Ke2 g3 50. Nc2 a5 51. b4+ axb4 52. Nxb4 Kc4 53. Nc6
Kxc3 54. Ne5 Bd4 55. Kf1 Kd2 56. Nxg6 e3 57. Nh4 e2+ 58. Kg2 Ke3 59. Nf3 Kxf4
0-1

[Event "Cracovia 2008 op B"]
[Site "Krakow"]
[Date "2008.12.29"]
[Round "3.1"]
[White "Balinski, Damian"]
[Black "Krasiewicz, Robert"]
[Result "1-0"]
[WhiteElo "1997"]
[BlackElo "2090"]
[PlyCount "51"]
[EventDate "2008.??.??"]

1. d4 f5 2. c4 g6 3. Nc3 Bg7 4. Bf4 Nf6 5. e3 c5 6. Nf3 Na6 7. Be2 d6 8. h3 O-O
9. O-O b6 10. Qd2 Bb7 11. Ng5 Nc7 12. Bf3 Bxf3 13. Nxf3 Qe8 14. Rfe1 Qf7 15. d5
h6 16. e4 fxe4 17. Nxe4 Nfxd5 18. Bxh6 Nf4 19. Bxg7 Nxh3+ 20. gxh3 Kxg7 21.
Neg5 Qf6 22. Re3 Rad8 23. Rae1 e5 24. Qd3 Qe7 25. Qe4 Rf4 26. Qxf4 1-0

[Event "Cracovia 2008 op B"]
[Site "Krakow"]
[Date "2008.12.29"]
[Round "3.2"]
[White "Pietocha, Pawel"]
[Black "Skuratovich, Yakov"]
[Result "1-0"]
[WhiteElo "2090"]
[BlackElo "1998"]
[PlyCount "67"]
[EventDate "2008.??.??"]

1. b3 e5 2. Bb2 d6 3. e3 Nf6 4. c4 g6 5. d4 exd4 6. exd4 Bg7 7. Bd3 O-O 8. Ne2
Nh5 9. Qc2 Nc6 10. a3 Qe7 11. O-O f5 12. Nbc3 f4 13. Nd5 Qg5 14. f3 Bh3 15. Rf2
Rae8 16. Kf1 Ng3+ 17. hxg3 fxg3 18. Ng1 gxf2 19. Nxh3 Qg3 20. Qxf2 Qh2 21. Ng1
Rf7 22. b4 Nd8 23. g3 Qxf2+ 24. Kxf2 c5 25. Re1 Rxe1 26. Kxe1 Nc6 27. f4 Nxd4
28. Kd1 g5 29. Bc3 gxf4 30. gxf4 h5 31. Bg6 Rf8 32. Bxh5 Kh7 33. Nh3 Kh6 34.
Bg4 1-0

[Event "Cracovia 2008 op B"]
[Site "Krakow"]
[Date "2008.12.29"]
[Round "3.3"]
[White "Smolak, Michal"]
[Black "Puczylowski, Marcin"]
[Result "1-0"]
[WhiteElo "2086"]
[BlackElo "1990"]
[PlyCount "169"]
[EventDate "2008.??.??"]

1. d4 Nf6 2. c4 g6 3. Nc3 Bg7 4. e4 d6 5. f3 O-O 6. Be3 e5 7. d5 Nh5 8. Qd2 Nd7
9. Bd3 Nc5 10. Bc2 a5 11. Nge2 Nf4 12. Nxf4 exf4 13. Bxf4 f5 14. O-O fxe4 15.
fxe4 Re8 16. Bg5 Qd7 17. Bf6 b6 18. Qd4 Ba6 19. b3 Re5 20. Bxe5 Bxe5 21. Qd2
Qg7 22. Rf3 Nd7 23. Raf1 Nf6 24. a4 Re8 25. Nb5 Re7 26. Nd4 Bb7 27. Ne6 Rxe6
28. dxe6 Qe7 29. Qg5 Kg7 30. Rh3 Bc8 31. Qh6+ Kg8 32. g4 Qxe6 33. Rxf6 Qxf6 34.
Qxh7+ Kf8 35. Qh4 Bd4+ 36. Kg2 Qxh4 37. Rxh4 Kg7 38. Kf3 Be5 39. Bd1 Bd7 40.
Kg2 Bc6 41. Bf3 Bb7 42. Rh3 Bc6 43. Kh1 Bb7 44. Bg2 Bc8 45. Bf3 Bb7 46. Kg1 Bc6
47. Kf2 Bd4+ 48. Ke2 Be5 49. Ke3 Bb7 50. g5 Bc8 51. Rh4 Bb2 52. Kd2 Be5 53. Kd3
Bb7 54. Bg4 Bc6 55. Be6 Be8 56. h3 Bb2 57. Rg4 c6 58. Rg2 Ba3 59. e5 dxe5 60.
Ke4 b5 61. Kxe5 bxa4 62. bxa4 Kf8 63. h4 Ke7 64. Bg4 Bf7 65. Kd4 Kd6 66. Rc2
Bc5+ 67. Ke4 Bb4 68. Rf2 Bxc4 69. Rf6+ Kc5 70. Rxg6 Bb3 71. Bf5 Bxa4 72. Rf6
Bc3 73. Rf8 Kb4 74. Kd3 Bb5+ 75. Kc2 a4 76. Ra8 Be5 77. g6 a3 78. Be6 Kc5 79.
Rxa3 Kd6 80. Bf5 Ke7 81. Ra7+ Kf8 82. h5 Bg7 83. Rf7+ Kg8 84. Bc8 Kh8 85. h6
1-0

[Event "Cracovia 2008 op B"]
[Site "Krakow"]
[Date "2008.12.29"]
[Round "3.4"]
[White "Zadlo, Tomasz"]
[Black "Choroszej, Aleksander"]
[Result "1-0"]
[WhiteElo "2078"]
[BlackElo "1973"]
[PlyCount "37"]
[EventDate "2008.??.??"]

1. e4 d6 2. d4 Nf6 3. Nc3 g6 4. Nf3 Bg7 5. Be3 c6 6. h3 b5 7. Bd3 Qa5 8. O-O
Bb7 9. Qd2 b4 10. Ne2 c5 11. dxc5 dxc5 12. Ng3 Qb6 13. Bh6 O-O 14. Bxg7 Kxg7
15. Qg5 Kh8 16. e5 Ng8 17. Nh4 Nc6 18. e6 f6 19. Nxg6+ 1-0

[Event "Cracovia 2008 op B"]
[Site "Krakow"]
[Date "2008.12.29"]
[Round "3.5"]
[White "Grajczak, Adrian"]
[Black "Stanach, Fabian"]
[Result "1-0"]
[WhiteElo "1970"]
[BlackElo "2078"]
[PlyCount "51"]
[EventDate "2008.??.??"]

1. e4 c5 2. Nf3 Nc6 3. d4 cxd4 4. Nxd4 g6 5. Be3 Bg7 6. Nc3 Nf6 7. Bc4 Qa5 8.
O-O O-O 9. Bb3 d6 10. f3 Bd7 11. Kh1 Rfc8 12. Nd5 Nxd5 13. exd5 Ne5 14. Qe2 b5
15. c3 Re8 16. h3 Rac8 17. f4 Nc4 18. Bg1 e5 19. dxe6 fxe6 20. a4 e5 21. axb5
Qc7 22. Nc6 d5 23. Bxc4 dxc4 24. Rxa7 Qd6 25. Rd1 Rxc6 26. bxc6 1-0

[Event "Cracovia 2008 op B"]
[Site "Krakow"]
[Date "2008.12.29"]
[Round "3.6"]
[White "Wasik, Piotr"]
[Black "Pourramezanali, Amirreza"]
[Result "1-0"]
[WhiteElo "1966"]
[BlackElo "2077"]
[PlyCount "81"]
[EventDate "2008.??.??"]

1. e4 e6 2. d4 d5 3. Nd2 Nf6 4. e5 Nfd7 5. Bd3 c5 6. c3 Nc6 7. Ne2 cxd4 8. cxd4
f6 9. exf6 Nxf6 10. O-O Bd6 11. Nf3 O-O 12. a3 Qb6 13. b4 e5 14. dxe5 Nxe5 15.
Nxe5 Bxe5 16. Be3 Qc7 17. Rc1 Bxh2+ 18. Kh1 Qe5 19. g3 Bg4 20. Kg2 Ne4 21. f4
Qh5 22. Bxe4 dxe4 23. Qb3+ Kh8 24. Ng1 Bxg1 25. Rxg1 Bh3+ 26. Kf2 Qf3+ 27. Ke1
Bg4 28. Rc2 Rac8 29. Rf2 Rc1+ 30. Kd2 Rd1+ 31. Rxd1 Rd8+ 32. Kc1 Rxd1+ 33. Kb2
Qh1 34. Qc2 Rd3 35. f5 Qd1 36. Qc8+ Rd8 37. Qxb7 Bxf5 38. Qf7 g6 39. g4 Bxg4
40. Qf6+ Kg8 41. Bh6 1-0

[Event "Cracovia 2008 op B"]
[Site "Krakow"]
[Date "2008.12.30"]
[Round "4.1"]
[White "Boulan, Laura"]
[Black "Pietocha, Pawel"]
[Result "0-1"]
[WhiteElo "1999"]
[BlackElo "2090"]
[PlyCount "126"]
[EventDate "2008.??.??"]

1. e4 g6 2. d4 Bg7 3. Nf3 d6 4. Be2 Nf6 5. Nc3 O-O 6. O-O c6 7. Re1 Qc7 8. a4
e5 9. h3 Nbd7 10. dxe5 dxe5 11. Be3 Rd8 12. Qb1 Nf8 13. a5 Ne6 14. b4 Nd4 15.
Bd1 Ne8 16. Na4 Nd6 17. Nc5 Nc4 18. Bxd4 exd4 19. Qb3 Ne5 20. Rc1 b6 21. axb6
axb6 22. Nd3 Be6 23. Qb2 Nc4 24. Qb1 Bh6 25. Be2 Bxc1 26. Qxc1 f6 27. Nf4 Bf7
28. Rd1 c5 29. bxc5 Qxc5 30. Nd3 Qe7 31. Qf4 g5 32. Qg3 Qxe4 33. Re1 Re8 34.
Bf1 Qd5 35. Rb1 Rad8 36. Nb4 Qd6 37. Qg4 h5 38. Qf5 Ne5 39. Nxe5 Rxe5 40. Qf3
Rde8 41. Nd3 R5e7 42. Qf5 Kg7 43. Qb5 Re6 44. Ra1 Bg6 45. Ra7+ R8e7 46. Ra6 Be8
47. Qb3 Bd7 48. Qb2 Bc8 49. Ra4 Rd7 50. Nb4 Bb7 51. Qb1 Rde7 52. Nd3 Be4 53.
Qb3 Bxd3 54. Qxd3 Re1 55. Rxd4 Qe5 56. Rd8 Qa1 57. Rg8+ Kxg8 58. Qg6+ Kf8 59.
Qh6+ Ke8 60. Qg6+ Kd8 61. Qg8+ Kc7 62. Qc4+ Kb8 63. Qg8+ Ka7 0-1

[Event "Cracovia 2008 op B"]
[Site "Krakow"]
[Date "2008.12.30"]
[Round "4.2"]
[White "Balinski, Damian"]
[Black "Smolak, Michal"]
[Result "1-0"]
[WhiteElo "1997"]
[BlackElo "2086"]
[PlyCount "105"]
[EventDate "2008.??.??"]

1. d4 Nf6 2. c4 g6 3. Nc3 Bg7 4. e4 O-O 5. f3 d6 6. Be3 e5 7. Nge2 Nc6 8. Qd2
exd4 9. Nxd4 Ne5 10. O-O-O a6 11. Bh6 b5 12. h4 c5 13. Nf5 Bxf5 14. exf5 bxc4
15. fxg6 fxg6 16. Bxg7 Kxg7 17. f4 Nd3+ 18. Bxd3 cxd3 19. Qxd3 Ng4 20. Qf3 h5
21. g3 Rb8 22. Qc6 Rb6 23. Qf3 Qf6 24. Qe2 Rfb8 25. Rd2 Rxb2 26. Rxb2 Qxc3+ 27.
Kb1 Rxb2+ 28. Qxb2 Qxb2+ 29. Kxb2 Kf6 30. Re1 Kf7 31. Kc3 d5 32. Rb1 Nf6 33.
Rb6 Ne4+ 34. Kd3 Nxg3 35. Rxa6 Nf5 36. Ra5 c4+ 37. Kc3 Ke6 38. Ra6+ Kd7 39.
Rxg6 Nxh4 40. Rg5 Kd6 41. Rxh5 Ng2 42. f5 Nf4 43. Rh4 Ne2+ 44. Kd2 Ng3 45. f6
Ke6 46. a4 Nf1+ 47. Kc1 Ng3 48. a5 d4 49. Kd1 Nf5 50. Re4+ Kxf6 51. a6 d3 52.
a7 Nd6 53. a8=Q 1-0

[Event "Cracovia 2008 op B"]
[Site "Krakow"]
[Date "2008.12.30"]
[Round "4.3"]
[White "Griezne, Edvins"]
[Black "Zadlo, Tomasz"]
[Result "1-0"]
[WhiteElo "1972"]
[BlackElo "2078"]
[PlyCount "71"]
[EventDate "2008.??.??"]

1. d4 d5 2. Bg5 Nd7 3. Nf3 Ngf6 4. Nbd2 e6 5. e3 Bd6 6. Bd3 O-O 7. O-O c6 8. e4
dxe4 9. Nxe4 Be7 10. Qe2 h6 11. Bd2 Nxe4 12. Qxe4 Nf6 13. Qh4 Nh7 14. Qg3 Ng5
15. Ne5 Bd6 16. h4 Bxe5 17. dxe5 Ne4 18. Bxe4 Qxd2 19. Bd3 f5 20. exf6 Rxf6 21.
Rad1 Qf4 22. Qxf4 Rxf4 23. Bg6 Rf8 24. Rfe1 a5 25. a3 Ra6 26. Re5 a4 27. c3 Rb6
28. Rd2 Ra6 29. g3 Ra7 30. f4 b6 31. Rd6 Rc7 32. Kf2 Bd7 33. Ke3 Rf6 34. Bc2 b5
35. Kd4 Kf8 36. Kc5 1-0

[Event "Cracovia 2008 op B"]
[Site "Krakow"]
[Date "2008.12.30"]
[Round "4.4"]
[White "Janus, Przemyslaw"]
[Black "Grajczak, Adrian"]
[Result "1/2-1/2"]
[WhiteElo "2048"]
[BlackElo "1970"]
[PlyCount "138"]
[EventDate "2008.??.??"]

1. d4 Nf6 2. c4 c5 3. d5 e6 4. Nc3 exd5 5. cxd5 d6 6. e4 g6 7. h3 Bg7 8. Nf3
O-O 9. Bd3 Re8 10. O-O c4 11. Bc2 a6 12. a4 Nbd7 13. Be3 Rb8 14. a5 b5 15. axb6
Nxb6 16. Nd4 Qc7 17. Nc6 Ra8 18. Qd2 Nfd7 19. Na4 c3 20. Nxc3 Nc4 21. Qc1 Bxc3
22. bxc3 Nxe3 23. Qxe3 Bb7 24. Qd4 Bxc6 25. dxc6 Nc5 26. Rfd1 Rad8 27. f3 Qxc6
28. Ba4 Nxa4 29. Rxa4 Rc8 30. Ra3 Re6 31. Kh1 Qb5 32. Qd2 Rc5 33. Rda1 a5 34.
Qd1 Qc4 35. R1a2 d5 36. Rd2 dxe4 37. Rd4 Qb5 38. Rb3 Qc6 39. Rd8+ Re8 40. fxe4
Qxe4 41. Rbb8 Rce5 42. Qd7 Rxd8 43. Qxd8+ Kg7 44. Qf8+ Kf6 45. Qh8+ Kg5 46.
Qd8+ f6 47. Rb6 Qf4 48. Rb1 h5 49. Qd3 h4 50. c4 Qg3 51. Qd2+ Qe3 52. Qd1 Qe2
53. Qxe2 Rxe2 54. Rb5+ Kf4 55. Kh2 Rc2 56. c5 a4 57. Rb4+ Kg5 58. Rxa4 Rxc5 59.
Rg4+ Kh5 60. Rf4 f5 61. Ra4 g5 62. Ra8 Rc6 63. Rh8+ Rh6 64. Ra8 g4 65. hxg4+
Kxg4 66. Ra4+ f4 67. Ra8 Rg6 68. Rf8 Rg5 69. Rh8 Rg6 1/2-1/2

[Event "Cracovia 2008 op B"]
[Site "Krakow"]
[Date "2008.12.30"]
[Round "4.5"]
[White "Wasik, Piotr"]
[Black "Koziej, Maciej"]
[Result "1/2-1/2"]
[WhiteElo "1966"]
[BlackElo "2022"]
[PlyCount "111"]
[EventDate "2008.??.??"]

1. e4 c5 2. Nf3 e6 3. d4 cxd4 4. Nxd4 a6 5. c4 Nf6 6. Nc3 Bb4 7. e5 Ne4 8. Qg4
Nxc3 9. a3 Bf8 10. bxc3 d6 11. exd6 e5 12. Nf5 g6 13. Qg3 Nc6 14. Ne7 Qxd6 15.
Nd5 Bg7 16. a4 Be6 17. Ba3 Qd8 18. Rd1 Qa5 19. Bd6 Rc8 20. Be2 Bxd5 21. Rxd5
Qxa4 22. O-O f6 23. Qh3 f5 24. Rb1 b5 25. cxb5 Qe4 26. Rdd1 Qxe2 27. bxc6 Rxc6
28. Qh4 Rxd6 29. Rxd6 O-O 30. Rd8 e4 31. h3 e3 32. Rxf8+ Bxf8 33. f3 Qd3 34.
Rb7 h6 35. Qd4 Qxd4 36. cxd4 a5 37. Ra7 Bg7 38. d5 Bd4 39. Ra8+ Kf7 40. Kf1 Bc3
41. Ke2 f4 42. Kd3 Bb4 43. Ra6 h5 44. Re6 g5 45. h4 gxh4 46. Kc4 Be7 47. Kb5
Bb4 48. Re4 h3 49. gxh3 Kf6 50. Kc6 Kg5 51. d6 Bxd6 52. Kxd6 Kh4 53. Ke5 Kg3
54. Rxf4 e2 55. Re4 Kxf3 56. Rf4+ 1/2-1/2

[Event "Cracovia 2008 op B"]
[Site "Krakow"]
[Date "2008.12.30"]
[Round "4.6"]
[White "Gregulski, Zbigniew"]
[Black "Lis, Marek"]
[Result "0-1"]
[WhiteElo "1954"]
[BlackElo "2003"]
[PlyCount "100"]
[EventDate "2008.??.??"]

1. d4 d6 2. Nf3 Nd7 3. e3 g6 4. c4 Bg7 5. Nc3 e5 6. Be2 Ne7 7. O-O O-O 8. b3 h6
9. Bb2 f5 10. dxe5 Nxe5 11. Qc2 Be6 12. Rad1 Qc8 13. Rd2 g5 14. Nd4 Bf7 15. f4
N5c6 16. Nxc6 bxc6 17. e4 Bg6 18. fxg5 fxe4 19. Rdd1 Rxf1+ 20. Rxf1 hxg5 21.
Qd2 Qe6 22. Qxg5 Bd4+ 23. Kh1 Qe5 24. Qxe5 Bxe5 25. Nd1 Bxb2 26. Nxb2 Rf8 27.
Kg1 d5 28. Rxf8+ Kxf8 29. Kf2 d4 30. Bg4 Kf7 31. Na4 Kf6 32. Nc5 Ke5 33. Ne6
e3+ 34. Ke2 Bb1 35. a3 Ng8 36. Nc5 Nf6 37. Bf3 Ne4 38. Nxe4 Bxe4 39. b4 Kf5 40.
g3 Ke5 41. h4 Bf5 42. Bxc6 Be6 43. Bb5 c6 44. Ba6 Ke4 45. c5 Bg4+ 46. Ke1 d3
47. Bxd3+ Kxd3 48. b5 cxb5 49. c6 a5 50. c7 b4 0-1